عرض عادي
عرض مارك
- Communication in social work.
مدخل مصطلح موضوعي
001 - رقم الضبط
- حقل الضبط: 4127
003 - معرف رقم الضبط
- حقل الضبط: OSt
005 - تاريخ ووقت أخر عملية
- حقل الضبط: 20110908055405.0
008 - عناصر بيانات ثابتة الطول
- حقل تحكم ثابت الطول: 110908|||a|||||| | ||| d
040 ## - مصدر الفهرسة
- هيئة الفهرسة الأصلية: OSt
- وكالة الكتابة: OSt
150 ## - مدخل-- مصطلح تاريخي
- عنصر مدخل المصطلح الموضوعي او الاسم الجغرافي: Communication in social work.
670 ## - بيانات المصدر موجوده
- الاستشهاد بالمصدر: Work cat.: (OSt)0: Glenny, Georgina. 4126, Multiprofessional communication :, 2008.
